|
|
|
|
| LEADER |
00907nam a2200289 a 4500 |
| 001 |
000885849 |
| 003 |
CZ BrMZK |
| 005 |
20080306100233.0 |
| 007 |
ta |
| 008 |
080212s1928 xr a e 000 0 cze |
| 015 |
|
|
|a cnb000790807
|
| 020 |
|
|
|q (Brož.)
|
| 035 |
|
|
|a (OCoLC)85503594
|
| 040 |
|
|
|a BOA001
|b cze
|
| 080 |
|
|
|a 821.162.3-32
|2 MRF
|
| 080 |
|
|
|a (0:82-32)
|2 MRF
|
| 100 |
1 |
|
|a Reiniš, Stanislav,
|d 1879-1955
|7 jk01102225
|4 aut
|
| 245 |
1 |
0 |
|a U táborového ohně /
|c Stanislav Reiniš ; ilustroval Fr. Vrobel
|
| 260 |
|
|
|a Ml. Boleslav :
|b Karel Vačlena,
|c [1928]
|
| 300 |
|
|
|a 31 s. :
|b il. ;
|c 20 cm
|
| 490 |
1 |
|
|a Šoteček ;
|v roč. 5, seš. 98
|
| 655 |
|
7 |
|a české příběhy
|7 fd133973
|2 czenas
|
| 830 |
|
0 |
|a Šoteček
|
| 910 |
2 |
|
|a BOA001
|b 1-0163.772,98
|
| 990 |
|
|
|a BK
|
| 991 |
|
|
|b 200803
|
| 996 |
6 |
|
|b 2610333659
|c 1-0163.772,98
|l MZK
|r Sklad / do 1 hodiny
|n 0
|p kup
|w 000885849
|u 000010
|a 1
|e BOA001
|j MZK50
|s P
|